01121nam a2200217 a 450000100100000000500170001000800410002702000150006824502410008326000890032430000370041350400730045050000210052370000540054470000390059870000470063771000840068495201050076899900170087304000130089000004193320201002035835.0131023s2003 sp 000 0 spa d a840008151X 0aVida y obra del Rvdmo. P. M. Fray Martín Sarmiento (1695-1772) :bsacada a la letra de un manuscrito anónimo de S. XVIII /cedición de Isidro García Tato y Felipe Valdés Hansen ; prólogo, Eduardo Pardo de Guevara y Valdés. aSantiago de Compostela :bInstituto de Estudios Gallegos "Padre Sarmiento",c2003.a. aXXXVIII, 352 p. :bil. ;c25 cm. aIncluye referencias bibliográficas y notas al pie de las páginas aIncluye índice1 aGuevara y Valdés, Eduardo Pardoepról.9688401 aGarcía Tato, Isidro,eed.9685001 aValdés Hansen, Feliped1975-eed.9688412 aInstituto Padre Sarmiento de Estudios Gallegos (Santiago de Compostela),968842 001050718MOaGRbGRcCTd2013-10-23iLF1l0o p41933-10r2020-06-25w2020-06-25y1ZNo se presta c41422d41422 aDO-SdBNP